000 00551nam a2200205Ia 4500
005 20250508165002.0
008 008 250505s9999 xx 000 0 eng d
020 _a81-7824-249-4
037 _aTextual
040 _aFEDL
_beng
_cFEDL
041 _aeng
_2eng
084 _a891.1, UNI
_qFEDL
245 0 _aIndian literature: An introduction
245 0 _cUNIVERSITY OF DELHI
260 _aNew Delhi, India
_bPearson
_c2006
300 _axi,384p.
365 _aINR
_b165
942 _cTEXL
_h891.1, UNI
999 _c1392493
_d1392493